00424pab a2200133 454500008004000000245008300040260000900123300001300132362001200145650006200157650002500219650001700244773002900261180718b1995 xxu||||| |||| 00| 0 eng d aRURAL water supply programme in Andhra Pradesh and Uttar Pradesh: a case study c1995 ap.71-111 aApr-Jun aRural development - India - Andhra Pradesh - Case studies aWater supply - India aWater supply aManagement in Government